000 00286nam a22001337a 4500
008 170131b xxu||||| |||| 00| 0 eng d
020 _a9780721692999
041 _aeng
080 _27TH
_a61
100 _a3
101 _aSHM
245 _aMUSCLE TESTING
_cHISLOP. H.J
942 _2udc
_cBK
999 _c4139
_d4139